000 00536nam a2200169 i 4500
001 32877
003 ES-MaACL
005 20230906154643.0
007 t|
008 030131s1968 sp ||||1| spa d
100 1 _aBermúdez, Joel A.
_928129
245 1 0 _aPerlas preciosas...
_b: manual para los instructores /
_cJoel A. Bermúdez ; ilustraciones: Anna Christie.
260 _aBarcelona :
_bAlturas,
_c[1968]
300 _a87 p. :
_bil., 1 map. ;
_c23 cm.
700 1 _aChristie, Anna.
_938659
852 _aES-MaACL
_jC-47475
_bR.70602
999 _c32877
_d32877